000 01650nam a2200385 i 4500
001 24243
003 KOSZ 005
005 20210611103843.0
008 199909s1998 pl f |000 0 pol d
040 _cKOSZ 005
_aKOSZ 005
_dKOSZ 005/HR
045 _bd1998
046 _k1998
080 _a528.4/.8
080 _a625.7/.8
245 0 0 _aPomiar powykonawczy zrealizowanych drogowych obiektów budowlanych :
_bGG-00.12.01 /
_coprac. Agencja Geodezyjno-Prawna "Grunt" ; na zlec. Generalnej Dyrekcji Dróg Publicznych ; oprac. red. Branżowy Zakład Doświadczalny Budownictwa Drogowego Mostowego.
250 _aStan na 31 sierpnia 1998 r.
260 _aWarszawa :
_bBranżowy Zakład Doświadczalny Budownictwa Drogowego Mostowego,
_c1998.
300 _a13 s. ;
_c21 cm.
380 _aDruki ulotne
388 _a1901-2000
388 _a1989-2000
490 1 _aOgólne Specyfikacje Techniczne
650 7 _aDokumentacja geodezyjno-kartograficzna
650 7 _aDrogi
650 7 _aPomiary
658 _aArchitektura i budownictwo
658 _aGeografia i nauki o Ziemi
710 _aMinisterstwo Transportu i Gospodarki Morskiej (Polska)
710 _aGeneralna Dyrekcja Dróg Publicznych (GDDP)
710 _aBranżowy Zakład Doświadczalny Budownictwa Drogowego i Mostowego
710 _aAgencja Geodezyjno-Prawna "Grunt"
830 _aOgólne Specyfikacje Techniczne
856 _uhttp://koha.tu.koszalin.pl/cgi-bin/koha/opac-detail.pl?biblionumber=24243
_yKatalog online BPK
942 _cKA
_2UKD
999 _c24243
_d24243